000 00559nam a22001697a 4500
005 20260204071504.0
008 260204b |||||||| |||| 00| 0 eng d
020 _a032119439X
040 _cJHCSC
082 _2Fifth Edition
_a005.1 N386
_b2004
100 _910107
_aTom Negrino | Dori Smith
_eAuthor
245 _aJavascript for the World Wide Web
_bVisual Quickstart Guide
_cTom Negrino | Dori Smith
250 _aFifth Edition
260 _a1249 Eight Street Berkeley
_bPeachpit Press
_cc2004
300 _axiv, 498 pages
_billustrations
942 _2ddc
_cBOOK
999 _c11315
_d11315